000 00543nam a2200205Ia 4500
003 OSt
005 20260105152151.0
008 210210b2017 xxu||||| |||| 00| 0 eng d
020 _a9780199466832
040 _cAL
041 _aeng
082 _a330.15 BHAE
100 _a Vinay Bharatram
_9250139
245 _aEvolution of economic ideas: Adam Smith to Amartya Sen and beyond
260 _aNew Delhi
_bOxford University Press
_c2017
300 _axi,184
690 _aEconomic Thought
_9250142
906 _a071798
942 _2ddc
_cBK
999 _c121580
_d121580